00505nmm a2200181Ia 4500008004100000041000800041100001800049245004300067264004900110300001800159490001100177650002200188700001800210700002000228856005100248942000700299999001700306251105s9999||||xx |||||||||||||||||und|| aspa aIngmar, Bernd 0aLas 50 grandes mentiras de la historia a[Madrid, España] :bRoca Editorial, c2013 a240 páginas aTempus aHistory (General) aIngmar, Bernd1 a Martín, Olga uhttps://public.digitaliapublishing.com/a/38400 cCF c67086d67086